000 00335nam a22001457a 4500
020 _a80775000021009
082 _a894-812
_bJAN/S
100 _aJIJI JAMES
245 _aSOURAYOODHAM
_bASTRONOMY
246 _aSOURAYOODHAM
_bASTRONOMY
260 _aTHRISSUR
_bH & C PUBLISHING HOUSE
300 _a48
520 _aASTRONOMY
942 _cBK
999 _c1077
_d1077